<?xml version="1.0" encoding="UTF-8"?>
<record
    xmlns:xsi="http://www.w3.org/2001/XMLSchema-instance"
    xsi:schemaLocation="http://www.loc.gov/MARC21/slim http://www.loc.gov/standards/marcxml/schema/MARC21slim.xsd"
    xmlns="http://www.loc.gov/MARC21/slim">

  <leader>01192nam a2200265 i 4500</leader>
  <controlfield tag="001">190077</controlfield>
  <controlfield tag="003">SpMaBN</controlfield>
  <controlfield tag="005">20250728180328.0</controlfield>
  <controlfield tag="008">200312s2011    sp a         |||| |dspa d</controlfield>
  <datafield tag="020" ind1=" " ind2=" ">
    <subfield code="a">978-84-8138-914-2</subfield>
  </datafield>
  <datafield tag="080" ind1=" " ind2=" ">
    <subfield code="a">929 Matute, Ana Mar&#xED;a (060.64)</subfield>
  </datafield>
  <datafield tag="080" ind1=" " ind2=" ">
    <subfield code="a">821.134.2 Matute, Ana Mar&#xED;a (060.64)</subfield>
  </datafield>
  <datafield tag="245" ind1="0" ind2="3">
    <subfield code="a">La palabra m&#xE1;gica de Ana Mar&#xED;a Matute </subfield>
    <subfield code="b">: Premio Cervantes 2010 : [exposici&#xF3;n] / </subfield>
    <subfield code="c">[comisariado, Jes&#xFA;s Ca&#xF1;ete Ochoa, Fernando Fern&#xE1;ndez Lanza, Mar&#xED;a Paz Ortu&#xF1;o Ort&#xED;n ; textos, Mar&#xED;a Paz Ortu&#xF1;o Ort&#xED;n ... et al.].</subfield>
  </datafield>
  <datafield tag="260" ind1=" " ind2=" ">
    <subfield code="a">[Alcal&#xE1; de Henares] : </subfield>
    <subfield code="b">Servicio de Publicaciones de la Universidad de Alcal&#xE1;, </subfield>
    <subfield code="c">[2011]</subfield>
  </datafield>
  <datafield tag="300" ind1=" " ind2=" ">
    <subfield code="a">199 p. : </subfield>
    <subfield code="b">col. y n. ; </subfield>
    <subfield code="c">22 x 22 cm.</subfield>
  </datafield>
  <datafield tag="504" ind1=" " ind2=" ">
    <subfield code="a">Bibliograf&#xED;a: p. 194-195.</subfield>
  </datafield>
  <datafield tag="600" ind1="1" ind2="4">
    <subfield code="a">Matute, Ana Mar&#xED;a, </subfield>
    <subfield code="d">1925-2014</subfield>
    <subfield code="9">79165</subfield>
  </datafield>
  <datafield tag="700" ind1="1" ind2=" ">
    <subfield code="a">Ca&#xF1;ete Ochoa, Jes&#xFA;s, </subfield>
    <subfield code="d">1967-</subfield>
    <subfield code="9">157453</subfield>
  </datafield>
  <datafield tag="700" ind1="1" ind2=" ">
    <subfield code="a">Fern&#xE1;ndez Lanza, Fernando.</subfield>
    <subfield code="9">169989</subfield>
  </datafield>
  <datafield tag="700" ind1="1" ind2=" ">
    <subfield code="a">Ortu&#xF1;o Ort&#xED;n, Mar&#xED;a Paz.</subfield>
    <subfield code="9">151297</subfield>
  </datafield>
  <datafield tag="710" ind1="2" ind2=" ">
    <subfield code="a">Universidad de Alcal&#xE1; de Henares.</subfield>
    <subfield code="9">7135</subfield>
  </datafield>
  <datafield tag="852" ind1=" " ind2=" ">
    <subfield code="a">ES-MaACL</subfield>
    <subfield code="j">A-14573</subfield>
    <subfield code="9">197228</subfield>
    <subfield code="b">R.152116</subfield>
    <subfield code="c">DEPO1</subfield>
    <subfield code="d">Olim: N-7573</subfield>
    <subfield code="h">Donaci&#xF3;n: Editorial</subfield>
  </datafield>
  <datafield tag="942" ind1=" " ind2=" ">
    <subfield code="2">udc</subfield>
    <subfield code="c">MONOGRAFIA</subfield>
  </datafield>
  <datafield tag="999" ind1=" " ind2=" ">
    <subfield code="c">190077</subfield>
    <subfield code="d">190077</subfield>
  </datafield>
  <datafield tag="952" ind1=" " ind2=" ">
    <subfield code="0">0</subfield>
    <subfield code="1">0</subfield>
    <subfield code="2">udc</subfield>
    <subfield code="4">0</subfield>
    <subfield code="7">0</subfield>
    <subfield code="a">ATENEOM</subfield>
    <subfield code="b">ATENEOM</subfield>
    <subfield code="c">DEPO1</subfield>
    <subfield code="d">2005-05-31</subfield>
    <subfield code="e">DONACION</subfield>
    <subfield code="l">0</subfield>
    <subfield code="o">A-14573</subfield>
    <subfield code="p">1201735</subfield>
    <subfield code="r">2023-02-23 00:00:00</subfield>
    <subfield code="w">2023-02-23</subfield>
    <subfield code="y">MONOGRAFIA</subfield>
  </datafield>
</record>
